00810nam a2200241 a 450000100060000000300080000600500170001400800410003103500190007204000350009104100080012608200240013410000250015824500790018326000380026230000170030050500110031760000370032870000300036594200120039599900170040795201440042462800BD-RjUL20211209081126.0170125s1842 enk 000 0 eng d a(BD-RjUL)62928 aBD-RjULbengcBD-RjULdBD-RjUL aeng 223a821.4bMIP 18421 aMilton, John918668114aThe poetical works of John Milton /cJohn Milton, the rev. Henry John Todd aLondon :bA. Spottiswoode,c1842. aV. ;c18 cm. aV-2.-- aMilton, Johnd1608-1674.9185818 aTodd, Henry John 9186682 2ddccBK c62800d62800 00102ddc40718NFICaRUCLbRUCLcReadingd1957-02-16ePuttia Raj. Estatel0o821.4 MIP V-2 1842r2017-01-25 00:00:00tC-1w2017-01-25yBK